ICTP lecture notes : evolution and convergence in telecommunications (Record no. 8557)

000 -LEADER
fixed length control field 00457 a2200145 4500
020 ## - INTERNATIONAL STANDARD BOOK NUMBER
International Standard Book Number 9295003160
040 ## - CATALOGING SOURCE
Original cataloging agency DLC
Language of cataloging DLC
082 ## - DEWEY DECIMAL CLASSIFICATION NUMBER
Classification number 621.384
245 ## - TITLE STATEMENT
Title ICTP lecture notes : evolution and convergence in telecommunications
Statement of responsibility, etc. S. Radicella & Grilli, D.
260 ## - PUBLICATION, DISTRIBUTION, ETC.
Place of publication, distribution, etc. Italy :
Name of publisher, distributor, etc. ICTP,
Date of publication, distribution, etc. c2002
300 ## - PHYSICAL DESCRIPTION
Extent vi, 184p. :
Other physical details ill.,
Dimensions 24 cm.
500 ## - GENERAL NOTE
General note Includes bibliographical references and index
650 ## - SUBJECT ADDED ENTRY--TOPICAL TERM
Topical term or geographic name entry element Telecommunications
942 ## - ADDED ENTRY ELEMENTS (KOHA)
Koha item type Book
Call number prefix 621.384 RAD
Source of classification or shelving scheme
Holdings
Withdrawn status Lost status Damaged status Not for loan Collection code Permanent Location Current Location Shelving location Date acquired Source of acquisition Total Checkouts Full call number Barcode Date last seen Price effective from Koha item type
          Central Library (CL) Central Library (CL) General Stacks 11/21/2003 Donation   621.384 RAD SEECS003980 11/14/2012 01/05/2017 Book
© 2023 Central Library, National University of Sciences and Technology. All Rights Reserved.